00836 2200313 4500001002100000005001500021035002000036007000300056040001700059100003100076245005300107250001100160300003100171020001800202041000800220082000800228084001400236090001800250264003500268336002100303337003000324338002300354650002400377850001000401008004100411504002400452990002700476990001900503INLIS00000000000502620260515075855 a0010-0222000116ta aSBPUPADbind0 aBachrawi SanusiePengarang1 aPengantar Ekonomi Pembangunan /cBachrawi Sanusi aCet .1 aix, 138 hal. ;c14 x 20 cm a979-518-871-2 aind a330 a330 BAC p a330 BAC p 8-7 aJakarta :bRineka Cipta,c2004 2rdacontentaTeks 2rdamediaaTanpa Perantara 2rdacarrieraVolume 4aEkonomi Pembangunan aPUPAD260515 0  abibliografi, 95 hlm a6872/BR/ARPUS/PDG/2007 a6873/arpus-pdg